[Event "18th Aeroflot Open-A 2020"]
[Site "Moscow"]
[Date "2020.02.22"]
[Round "4.29"]
[White "Kardashevskiy, Evgeny"]
[Black "Shimanov, Aleksandr"]
[Result "0-1"]
[WhiteElo "2437"]
[BlackElo "2587"]
[Annotator "TA"]
[PlyCount "92"]
[EventDate "2020.02.19"]
[EventType "swiss"]
[EventCountry "RUS"]
[SourceTitle "playchess.com"]
[Source "ChessBase"]
[SourceQuality "1"]

{[%evp 10,92,35,20,33,14,10,12,20,1,13,14,28,0,11,0,0,0,0,5,35,12,6,-23,0,0,0,-6,-3,-92,-89,-82,-82,-94,-78,-95,-89,-200,-198,-202,-200,-199,-195,-256,-256,-225,-254,-229,-226,-301,-302,-294,-349,-349,-343,-403,-400,-468,-458,-468,-483,-489,-489,-470,-458,-516,-514,-494,-494,-469,-459,-737,-737,-839,-835,-815,-776,-825,-855,-820,-813,-753,-701,-667,-645]} 1. d4 Nf6 2. Nf3 g6 3. c4 Bg7 4. g3 O-O 5. Bg2 d6 6. O-O Ne4 {E60: King's Indian: Unusual lines and Fianchetto Variation without Nc3.} 7. Nbd2 Nxd2 8. Bxd2 e5 {The position is equal.} 9. Bc3 {[%cal Rd4e5]} Qe7 {[#]} 10. e3 $146 ({Predecessor:} 10. e4 Bg4 11. d5 {½-½ (11) Paunovic,D (2460)-Peev,P (2385) Pancevo 1989}) 10... Nc6 11. Qb3 a5 12. a4 Kh8 13. Rfe1 f5 14. Nd2 Bd7 15. d5 ({Reject} 15. Qxb7 Rfb8 $15) (15. c5 $5) 15... Nd8 {[%cal Bc6d8,Bd8b7,Bb7c5][%mdl 32]} 16. f4 b6 17. e4 Nb7 18. exf5 Nc5 ({Of course not} 18... Rxf5 19. fxe5 Bxe5 20. Nf3 $16) 19. Qd1 (19. Qa3 $11 {remains equal.}) 19... gxf5 $17 {Black keeps a firm grip on the game.} 20. Qc2 Rae8 21. b3 Bf6 22. Re3 Qg7 {...exf4 is the strong threat.} 23. Qb2 (23. fxe5 $17 {might work better.} dxe5 24. Rf1) 23... exf4 $19 24. Bxf6 Rxf6 25. Rxe8+ Bxe8 26. gxf4 (26. Re1 $142 Bd7 27. Qd4) 26... Nd3 27. Qd4 {[#]} Rg6 $1 {[%mdl 512]} 28. Qxg7+ Kxg7 29. Rf1 Rg4 30. Kh1 Rxf4 31. Bf3 Ne5 32. Kg2 Rd4 33. Nb1 f4 {Black is clearly winning.} 34. Rf2 Bg6 35. Rd2 Rxd2+ 36. Nxd2 {[%mdl 4096] Endgame KBN-KBN} Kf6 37. Be4 Bf5 38. Kf2 Bxe4 39. Nxe4+ {KN-KN} Kf5 40. Nc3 (40. Nd2 $142 Kg4 41. Ne4) 40... Nd3+ 41. Kg2 Nc5 42. Nb5 Nxb3 43. Nxc7 Nd2 44. Nb5 Nxc4 45. Kf3 Ke5 46. Nc3 Ne3 {Accuracy: White = 61%, Black = 97%.} 0-1

[Event "18th Aeroflot Open-A 2020"]
[Site "Moscow"]
[Date "2020.02.22"]
[Round "4.30"]
[White "Badelka, Olga"]
[Black "Savchenko, Boris"]
[Result "0-1"]
[WhiteElo "2404"]
[BlackElo "2573"]
[Annotator "TA"]
[PlyCount "78"]
[EventDate "2020.02.19"]
[EventType "swiss"]
[EventCountry "RUS"]
[SourceTitle "playchess.com"]
[Source "ChessBase"]
[SourceQuality "1"]

{[%evp 9,78,41,57,34,36,53,43,36,53,31,52,43,60,19,46,45,39,10,25,33,24,-13,-19,-7,-15,-24,-6,-17,0,0,0,0,-19,-65,-68,-112,-115,-106,-118,-122,-130,-121,-97,-106,-98,-154,-151,-154,-159,-158,-158,-158,-154,-151,-155,-160,-132,-479,-479,-479,-458,-687,-669,-1039,-1037,-1125,-1017,-983,-907,-747,-547]} 1. d4 Nf6 2. c4 g6 3. f3 c5 4. d5 e6 5. Nh3 {[#]} exd5 $146 ({Predecessor:} 5... d6 6. Nf2 b5 7. e4 Bg7 8. dxe6 Bxe6 9. cxb5 O-O 10. Be2 d5 11. O-O a6 12. a4 axb5 13. Bxb5 {1-0 (29) Ding,L (2778)-Vidit,S (2707) Liaocheng 2018}) 6. cxd5 {E60: King's Indian: Unusual lines and Fianchetto Variation without Nc3.} d6 7. Nf2 Bg7 8. e4 {White is slightly better.} O-O 9. Nc3 Na6 10. Be2 Nc7 11. O-O Qd7 12. a4 {[%cal Ba2a4,Ba4a5][%mdl 32]} b6 13. f4 Ba6 14. Bxa6 Nxa6 15. e5 Ne8 $1 16. Re1 Nb4 17. a5 Nc7 18. exd6 Qxd6 {[%cal Rc7d5]} 19. Nfe4 Qd7 {[%cal Rc7d5]} 20. d6 Ne6 21. Nd5 f5 $1 {[%cal Rf5e4]} ({Don't blunder} 21... Bd4+ $2 22. Qxd4 $1 {[%mdl 512]} Nxd4 23. Ndf6+ Kg7 24. Nxd7 $18) 22. Nf2 {[#] Black must now prevent Nxb4.} Nd4 $1 23. Nxb4 cxb4 24. Be3 Qxd6 25. Nd3 b3 {And now ...Rad8 would win.} 26. Bxd4 Qxd4+ 27. Kh1 ({White should try} 27. Kf1) 27... Qd5 $17 28. Ra3 bxa5 {...a4! is the strong threat.} 29. Qxb3 Qxb3 30. Rxb3 Rab8 31. Ra3 Rfd8 32. Ne5 Bf8 33. Nc6 $2 {[%mdl 8192] Loses the game.} (33. Ra2 $17) 33... Bxa3 $19 {Black is clearly winning.} 34. Nxd8 Rxb2 {KRB-KRN} (34... Rxd8 $2 35. bxa3 Rd3 36. Kg1 $17) 35. Re8+ (35. g3 $142 Rb6 36. Re8+ Kg7 37. Re5) 35... Kg7 {( -> ...Rb1+)} 36. g3 a4 {[%cal Ba5a4,Ba4a3][%mdl 32]} 37. Nc6 Bf8 38. Ra8 a3 {Threatens to win with ...Bc5.} 39. Rxa7+ Kg8 {Accuracy: White = 56%, Black = 90%.} 0-1

[Event "18th Aeroflot Open-A 2020"]
[Site "Moscow"]
[Date "2020.02.22"]
[Round "4.31"]
[White "Gokerkan, Cem Kaan"]
[Black "Erigaisi Arjun"]
[Result "0-1"]
[WhiteElo "2461"]
[BlackElo "2563"]
[Annotator "TA"]
[PlyCount "92"]
[EventDate "2020.02.19"]
[EventType "swiss"]
[EventCountry "RUS"]
[SourceTitle "playchess.com"]
[Source "ChessBase"]
[SourceQuality "1"]

{[%evp 9,92,0,11,0,17,15,26,20,27,23,22,9,17,19,22,22,22,24,39,0,0,0,18,0,20,13,24,0,2,-55,-22,-129,-124,-225,-205,-187,-19,-6,-8,-7,-10,-7,0,0,0,0,0,-20,2,0,0,-276,-218,-218,-225,-217,-227,-360,-359,-543,-537,-536,-524,-612,-612,-612,-610,-766,-608,-598,0,-758,-544,-533,-512,-562,-562,-562,-562,-1046,-1010,-918,-560,-1777,-1643]} 1. e4 c5 2. Nf3 d6 3. Bb5+ Nd7 4. Ba4 Ngf6 5. O-O a6 6. c4 {B51: Sicilian: Moscow Variation (3 Bb5+) without 3...Bd7.} g6 7. Nc3 Bg7 8. Rb1 {White has an edge.} O-O 9. d3 Nb6 10. Bc2 Bg4 11. h3 Bh5 12. Qe2 Bxf3 13. Qxf3 Nbd7 14. Bd1 Ne5 15. Qg3 Nc6 16. h4 Nd7 17. h5 e6 18. Ne2 b5 19. Qxd6 (19. Bg5 $11 Bf6 20. Bh6) 19... Nce5 {Hoping for ...Re8.} 20. hxg6 (20. b4 $11) 20... hxg6 $17 21. f4 (21. Bf4 $17) 21... Ng4 22. g3 {[#]} Nb6 $2 (22... Rb8 $1 $19 {[%cal Rb8b6] White must now prevent ...Rb6.} 23. Qxa6 Nb6) 23. Qxd8 $11 Rfxd8 24. b4 Rxd3 25. cxb5 c4 26. bxa6 Rxa6 27. a4 $1 {[%cal Ra4a5]} Nxa4 {And now ...Nb6 would win.} 28. b5 Ra8 $36 {[%mdl 2048] Strongly threatening ...Nb6. Black is more active.} 29. Bc2 Bf8 30. Rd1 $2 {[%mdl 8192] White is on the road to losing.} (30. Ra1 $11 Nc3 {[%mdl 64] Double Attack} 31. Rxa8 Nxe2+ 32. Kh1) 30... Bc5+ 31. Kg2 {[#]} Ne3+ $1 32. Bxe3 Rxe3 33. Re1 (33. Ng1 {is the only way for White.} Nc3 {[%mdl 64] Double Attack} 34. Ra1) 33... Nb6 $19 34. Kh3 (34. Rb2 $142) 34... Ra2 35. Bd1 Rxe4 36. Nc3 Rxe1 37. Nxa2 Nd5 38. Rc1 Be3 39. Rb1 Bc5 40. Rc1 Ba3 {Black is clearly winning.} 41. b6 Nxb6 ({Weaker is} 41... Ne3 42. Bf3 $17) 42. Rb1 Nd5 43. Rb8+ Kg7 44. Bc2 Ra1 45. Bb1 c3 46. Rb3 {[#]} Rxa2 $1 {[%mdl 64] Promotion. Accuracy: White = 58%, Black = 76%.} 0-1

[Event "18th Aeroflot Open-A 2020"]
[Site "Moscow"]
[Date "2020.02.22"]
[Round "4.32"]
[White "Makarian, Rudik"]
[Black "Antipov, Mikhail Al."]
[Result "0-1"]
[WhiteElo "2414"]
[BlackElo "2562"]
[Annotator "TA"]
[PlyCount "66"]
[EventDate "2020.02.19"]
[EventType "swiss"]
[EventCountry "RUS"]
[SourceTitle "playchess.com"]
[Source "ChessBase"]
[SourceQuality "1"]

{[%evp 18,66,16,11,16,13,6,19,16,6,21,2,2,0,0,0,0,-12,-4,-15,-12,-16,-10,-42,0,0,0,0,0,0,0,0,0,0,0,-611,-595,-797,-787,-767,-739,-750,-770,-763,-753,-1626,-1556,-3104,-2076,-2469,-1037]} 1. d4 Nf6 2. c4 g6 3. g3 c6 4. Bg2 d5 5. cxd5 cxd5 6. Nc3 Bg7 7. Nf3 O-O 8. Ne5 Bf5 9. O-O Ne4 10. Bf4 {10.Bf4 is better than 10.Qb3.} Nxc3 {D79: Fianchetto Grünfeld: Symmetrical Variation (6 0-0 c6 7 cxd5 cxd5).} 11. bxc3 Nc6 12. Nxc6 bxc6 {The position is equal.} 13. Qa4 e6 14. Qxc6 Rc8 15. Qa6 Rxc3 16. Qxa7 Rc4 {[#]} 17. Rfd1 $146 ({Predecessor:} 17. Be5) 17... g5 (17... Bc2 $5 18. Rd2 $8 Ra4 $11) 18. Be3 Bc2 {Hoping for ...Ra4.} 19. Rd2 h6 20. a4 f5 {[%mdl 1024] Strongly threatening ...f4. Black has compensation.} 21. Rc1 Qc8 {aiming for ...f4.} 22. f4 $1 Rf7 23. Qb6 Rfc7 24. fxg5 Bf8 25. gxh6 Rb7 $36 {[%mdl 2048] Black is more active.} 26. Qa6 $2 {[%mdl 8192]} (26. Qa5 $11 Bb4 {[%mdl 64] Double Attack} 27. Qa6 Bxd2 28. Bxd2) 26... Rb1 $19 {Black is clearly winning.} 27. Qa5 Rxc1+ 28. Kf2 Qd7 29. Qa8 Rc8 30. Qa6 Kh7 31. g4 fxg4 {White must now prevent ...Qf7+.} 32. Bf4 Bxh6 {...Qf7! is the strong threat.} 33. Rxc2 {[#]} Bxf4 {Accuracy: White = 64%, Black = 92%.} (33... Qf7 $142 $1 {[%mdl 512]} 34. Qd3+ {[#]} Kg7 $1 {[%mdl 512]}) 0-1

[Event "18th Aeroflot Open-A 2020"]
[Site "Moscow"]
[Date "2020.02.22"]
[Round "4.33"]
[White "Aryan Chopra"]
[Black "Buksa, Nataliya"]
[Result "1-0"]
[WhiteElo "2562"]
[BlackElo "2403"]
[Annotator "TA"]
[PlyCount "123"]
[EventDate "2020.02.19"]
[EventType "swiss"]
[EventCountry "RUS"]
[SourceTitle "playchess.com"]
[Source "ChessBase"]
[SourceQuality "1"]

{[%evp 21,122,27,47,38,50,39,32,52,33,21,29,31,25,18,68,68,70,69,77,73,64,77,72,42,72,40,48,60,57,56,60,53,63,62,73,48,53,66,64,0,0,0,77,60,80,75,75,70,73,72,83,63,63,64,71,68,81,60,62,58,61,46,45,46,45,52,45,0,46,48,87,60,62,53,55,66,270,268,270,266,257,250,288,274,264,208,319,309,485,483,499,489,409,437,12843,0,12844,12844,12845,12845,12845,12846,29999]} 1. e4 e5 2. Nf3 Nc6 3. Bb5 a6 4. Ba4 Nf6 5. O-O Nxe4 6. d4 b5 7. Bb3 d5 8. dxe5 Be6 9. Nbd2 Nc5 10. c3 Be7 11. Bc2 d4 12. Nb3 {[%cal Rb3d4] C83: Open Ruy Lopez: 9 c3 Be7.} d3 13. Bb1 Nxb3 14. axb3 {White is slightly better.} Bf5 15. Be3 O-O 16. Bd4 Qd5 17. Re1 Nxd4 {17...Rfd8 is setting a new trend.} 18. Nxd4 {[#]} d2 $1 {[%mdl 512]} 19. Bxf5 (19. Qxd2 Bxb1) 19... dxe1=Q+ 20. Qxe1 Rad8 21. Be4 {[%mdl 1024] White has compensation.} Qd7 22. Bc6 (22. Rxa6 Bc5 $11) 22... Qc8 23. e6 Kh8 24. Bd7 Rxd7 25. exd7 Qxd7 26. Rxa6 Bf6 27. Nf3 Re8 28. Qa1 (28. Qf1 {seems wilder.} Qf5 29. b4 Rd8 30. h4 Qc2 31. Qxb5 Qxb2 32. g3) 28... Qd5 29. b4 h6 30. h3 (30. Qf1 $14) 30... Re2 $11 31. Qb1 $40 {[%mdl 128] White mounts an attack.} Re8 (31... Kg8 $11) 32. Qf1 Rd8 33. Ra1 g6 34. Qe2 Kg7 35. Ne1 Be5 36. Kf1 h5 37. Nc2 Bf6 38. Ne3 Qb3 39. Rd1 (39. Kg1 {with more complications.} Bg5 40. Ra6 Bxe3 41. Qxe3 Rd1+ 42. Kh2) 39... Rxd1+ 40. Nxd1 c6 41. Ne3 Bg5 42. Qc2 Qe6 43. Qd3 Qa2 44. Qd2 Qe6 (44... Bxe3 $5 45. fxe3 Qb1+ 46. Kf2 h4 $11) 45. Ke2 Qa2 46. Kf3 {aiming for Nf5+!} Qb1 47. Qc2 Qa1 48. Qe4 f5 $2 ({Black should play} 48... h4 $14) 49. Qe5+ $18 (49. Qxc6 Bxe3 50. Qc7+ (50. fxe3 Qxb2 51. c4 bxc4 $16) 50... Kh6 $16) 49... Kh7 50. Qc7+ Kh6 51. Qxc6 {White threatens Nxf5+ and mate.} Bxe3 52. Kxe3 ({And not} 52. fxe3 h4 $11) 52... Qxb2 {[%mdl 4096] Endgame KQ-KQ} 53. g3 (53. Qxb5 Qxc3+ 54. Ke2 Qc2+ 55. Ke1 Qe4+ 56. Kf1 Qb1+ 57. Ke2 Qe4+ 58. Kf1 Qb1+ 59. Ke2 Qe4+ 60. Kf1 $11) 53... Qc2 (53... Qc1+ $142 54. Ke2 Qc2+ 55. Kf3 Qb1) 54. Qc5 ({Not} 54. Qxb5 Qxc3+ 55. Ke2 Qc2+ 56. Kf1 h4 $16) 54... h4 (54... Kh7 {is a better defense.} 55. Kf4 (55. Qxb5 Qxc3+ 56. Ke2 Qc2+ 57. Kf1 Qe4 $16) 55... Qd2+ 56. Ke5 Qd7) 55. Qd4 {Threatening mate with Qh8+.} Qc1+ 56. Kf3 $1 {Intending Qh8+ and mate.} Qh1+ 57. Ke2 $1 {Qh8+ would kill now.} hxg3 (57... Qa8 $142 58. Qxh4+ Kg7 59. Qe7+ Kh6) 58. Qh8+ $1 Kg5 {[#] Threatening ...Qe4+.} 59. f4+ $1 {[%mdl 576] Deflection, Decoy} Kxf4 {[#]} 60. Qh4+ $1 Ke5 61. Qe7+ Kf4 62. Qe3# {Accuracy: White = 88%, Black = 67%.} 1-0

[Event "18th Aeroflot Open-A 2020"]
[Site "Moscow"]
[Date "2020.02.22"]
[Round "4.34"]
[White "Kulaots, Kaido"]
[Black "Sargissian, Gabriel"]
[Result "0-1"]
[WhiteElo "2510"]
[BlackElo "2689"]
[Annotator "TA"]
[PlyCount "84"]
[EventDate "2020.02.19"]
[EventType "swiss"]
[EventCountry "RUS"]
[SourceTitle "playchess.com"]
[Source "ChessBase"]
[SourceQuality "1"]

{[%evp 9,84,20,19,12,14,8,20,0,7,0,4,0,8,8,1,8,31,19,21,17,31,2,16,21,41,16,45,52,28,35,43,39,35,0,0,0,0,0,0,0,36,0,0,0,0,0,0,0,0,0,0,0,0,0,0,0,0,-18,-12,-54,-50,-57,-40,-40,-24,-23,-29,-151,-151,-151,-151,-215,-215,-215,-212,-210,-208]} 1. e4 e5 2. Nf3 Nc6 3. Bb5 Nf6 4. d3 Bc5 5. Bxc6 dxc6 6. Nbd2 {[%cal Bb1d2,Bd2c4,Bc4a5][%mdl 32] C65: Ruy Lopez: Berlin Defence (3...Nf6), unusual lines and 4 0-0 Bc5.} Nd7 7. Nc4 f6 $1 {[%mdl 4] is recently more successful than 7...0-0. Played by Anish Giri in January 2020.} 8. c3 {The position is equal.} Nb6 9. Na5 Bd6 {[#]} 10. O-O $146 ({Predecessor:} 10. b4 c5 11. a3 O-O 12. Be3 Nd7 13. O-O b6 14. Nc4 Be7 15. d4 exd4 16. cxd4 cxb4 17. axb4 Kh8 18. Bd2 Nb8 19. d5 f5 20. exf5 Qxd5 21. Ne3 Qd3 {½-½ (21) Anand,V (2758)-Giri,A (2768) Wijk aan Zee 2020}) 10... O-O 11. b4 c5 12. a3 Rb8 13. Be3 Qe7 14. Nd2 Be6 15. Ndb3 {[%cal Rb4c5]} Nd7 16. Qc2 f5 17. f3 a6 18. exf5 Bxf5 {[%cal Rc5b4]} 19. Nd2 cxb4 20. axb4 c5 21. b5 axb5 {aiming for ...c4!} 22. Qb3+ c4 23. dxc4 {And now c5+ would win.} Nc5 24. Qxb5 Bd3 25. Rf2 Qc7 26. Nab3 b6 27. Nxc5 bxc5 28. Qa5 Qc6 {...Ra8 is the strong threat.} 29. Qa4 Qxa4 30. Rxa4 Ra8 31. Rxa8 Rxa8 32. Nb3 $1 e4 33. g3 Bxc4 34. Nxc5 (34. Nd2 {feels hotter.} Ra1+ 35. Kg2 exf3+ 36. Kxf3 Bd5+ 37. Ke2) 34... exf3 35. Rxf3 Ra1+ 36. Kf2 Ra2+ {[%mdl 1024] Black has compensation.} 37. Kg1 Ra5 38. Nd7 (38. Nb7 $1 $11 Ra1+ 39. Kg2 Ra2+ 40. Bf2) 38... Ra1+ $17 {Black is clearly better.} 39. Kf2 Bd5 $1 {Hoping for ...Ra2+.} 40. Rf5 {[#]} (40. Rf6 $17 {was called for.} Ra2+ 41. Kg1 Rg2+ 42. Kf1 gxf6 43. Nxf6+ Kf7 44. Nxd5 Rxh2 45. Bf2) 40... Ra2+ $1 $19 41. Kg1 Be6 $1 {[%csl LRd7,LRf5][%mdl 64] Double Attack} 42. Nf6+ {[#]} Kf7 $1 {Accuracy: White = 75%, Black = 94%.} ({Much less strong is} 42... gxf6 43. Rxf6 Ra1+ 44. Kf2) 0-1

[Event "18th Aeroflot Open-A 2020"]
[Site "Moscow"]
[Date "2020.02.22"]
[Round "4.35"]
[White "Indjic, Aleksandar"]
[Black "Karthik Venkataraman"]
[Result "1-0"]
[WhiteElo "2622"]
[BlackElo "2483"]
[Annotator "TA"]
[PlyCount "77"]
[EventDate "2020.02.19"]
[EventType "swiss"]
[EventCountry "RUS"]
[SourceTitle "playchess.com"]
[Source "ChessBase"]
[SourceQuality "1"]

{[%evp 12,77,33,18,32,52,36,40,54,50,52,44,44,31,46,16,18,0,0,12,33,38,29,32,46,29,37,34,25,27,28,36,34,18,20,22,22,22,24,25,28,22,21,0,0,0,0,0,46,27,50,61,80,0,0,0,72,68,69,71,84,85,29976,29977,29974,29973,29993,29994]} 1. d4 Nf6 2. Nf3 d5 3. c4 e6 4. Nc3 c6 5. Bg5 Nbd7 6. e3 h6 7. Bh4 g5 {outshines the older 7...Be7. D51: Queen's Gambit Declined: 4 Bg5 Nbd7 sidelines.} 8. Bg3 Nh5 9. Qc2 Nxg3 {White is slightly better.} 10. hxg3 Bg7 11. O-O-O Qe7 12. cxd5 exd5 13. Bd3 Nb6 14. e4 dxe4 15. Nxe4 Be6 16. Nc5 O-O-O 17. Rhe1 Kb8 ({But not} 17... Bxd4 $6 18. Nxe6 fxe6 19. Rxe6 $1 $16 {[%mdl 512]}) 18. Bf5 {[%cal Rf5e6]} Rd6 {[#]} 19. Re4 $146 ({Predecessor:} 19. Bxe6 fxe6 20. Qb3 Re8 21. Re4 Rd5 22. Nxe6 Qd6 23. Nexg5 Rc8 24. Ne6 c5 25. Nxg7 cxd4+ {1-0 (90) Ivanov,S (2540)-Niemi,K (2357) Stockholm 2018}) 19... Nd7 20. Nxe6 fxe6 21. Rde1 {[%cal Re4e6]} Nf8 22. Qb3 {[%cal Rf5e6]} Qd8 23. Bxe6 Nxe6 24. Rxe6 Bxd4 25. Nxd4 Rxd4 26. Rxc6 Qd7 27. Rc3 Rd8 28. a3 Rd2 29. Rf3 a5 30. Kb1 a4 31. Qe6 Qh7+ 32. Ka2 ({White should try} 32. Re4 $16 {Rf7 is the strong threat.} R2d4 33. Rf5) 32... Qc2 $11 {[%csl Gd2][%cal Rc2b2]} 33. Qe5+ Ka8 (33... R8d6 $11) 34. Qb5 $16 R8d5 35. Qb4 $1 {aiming for Rc3.} R2d4 {[#]} 36. Rc3 $1 $40 {[%mdl 128] Threatens to win with Qb6. Black is in trouble.} Qxf2 $2 {[%mdl 8192] [#]} (36... Rxb4 $16 37. Rxc2 Rbd4) 37. Qb6 $1 {[%cal Rc3c8][%mdl 512] White mates.} Rd8 38. Re7 {[%csl Ge7][%cal Rb6b7]} Qxg2 39. Rc5 {Accuracy: White = 93%, Black = 81%.} 1-0

[Event "18th Aeroflot Open-A 2020"]
[Site "Moscow"]
[Date "2020.02.22"]
[Round "4.36"]
[White "Raja Harshit"]
[Black "Chigaev, Maksim"]
[Result "1/2-1/2"]
[WhiteElo "2472"]
[BlackElo "2616"]
[Annotator "TA"]
[PlyCount "86"]
[EventDate "2020.02.19"]
[EventType "swiss"]
[EventCountry "RUS"]
[SourceTitle "playchess.com"]
[Source "ChessBase"]
[SourceQuality "1"]

{[%evp 11,86,10,14,15,14,15,26,13,49,41,62,14,33,23,21,18,14,14,20,16,41,18,31,39,38,8,21,11,20,-42,-56,-48,-46,-35,-33,-62,-12,-27,-60,-53,0,-27,-23,-21,-27,-26,-33,-21,9,-62,-72,-113,-3,-3,11,10,10,10,11,17,17,16,17,16,76,76,76,76,70,66,75,73,39,4,4,3,4]} 1. e4 c5 2. Nf3 d6 3. d4 Nf6 4. Nc3 cxd4 5. Nxd4 a6 6. Bg5 Nbd7 7. Qe2 {B94: Sicilian Najdorf: 6 Bg5 Nbd7.} h6 8. Bh4 g6 9. f4 {White has an edge.} e5 10. fxe5 dxe5 11. Nb3 Bb4 12. Qf3 Bxc3+ 13. bxc3 Qb6 14. Bd3 O-O 15. Bf2 Qc6 16. O-O {[#]} b6 $146 ({Predecessor:} 16... Kg7 17. Be3 Qxc3 18. a4 Qc7 19. a5 Nh5 20. Qf2 Ndf6 21. Qd2 g5 22. Ra4 Re8 {½-½ (41) Boos,M (2376)-Maetzig,R (2088) GER email 2017}) 17. Be3 Kg7 18. Rad1 Bb7 19. c4 {[%cal Bc3c4,Bc4c5][%mdl 32]} a5 20. a4 ({White should play} 20. Nd2 $11) 20... Qxa4 $15 21. c5 Qc6 22. cxb6 a4 23. Nd2 a3 24. Ra1 a2 25. Bc4 Nxb6 (25... Ba6 $1 $15 26. Bd3 (26. Bxa6 Rxa6 27. c4 Nxb6 $17) 26... Bxd3 27. cxd3 Nxb6 28. Qxf6+ Qxf6 29. Bxh6+ Kxh6 30. Rxf6 Nd7) 26. Bb5 Qd6 27. Qxf6+ $1 Qxf6 28. Rxf6 Kxf6 29. Bxb6 Ba6 30. Ba4 (30. Bc6 $11 Rac8 31. Bd5 (31. Rxa2 Rxc6 32. Rxa6 Rfc8 $11) 31... Rxc2 32. Rxa2 Rxa2 33. Bxa2) 30... Rfb8 31. Bc7 Rb2 (31... Rc8 $17 32. Bb6 Rab8) 32. Bb3 $11 Bd3 33. cxd3 {[#] Strongly threatening Bxe5+!} Rxd2 34. Rf1+ Ke7 $1 35. Bxe5 f5 36. exf5 gxf5 37. Re1 {[#] And now Bc3+ would win.} Kd7 (37... Rxd3 $11 {keeps the balance.} 38. Bc4 Rd7) 38. Bc4 $16 Rc2 39. h4 Ra3 40. Bd4 f4 41. Rf1 Ra8 42. Bg7 f3 43. Rxf3 a1=Q+ {Accuracy: White = 78%, Black = 82%.} 1/2-1/2

[Event "18th Aeroflot Open-A 2020"]
[Site "Moscow"]
[Date "2020.02.22"]
[Round "4.37"]
[White "Zarubitski, Viachaslau"]
[Black "Sivuk, Vitaly"]
[Result "1/2-1/2"]
[WhiteElo "2432"]
[BlackElo "2557"]
[Annotator "TA"]
[PlyCount "107"]
[EventDate "2020.02.19"]
[EventType "swiss"]
[EventCountry "RUS"]
[SourceTitle "playchess.com"]
[Source "ChessBase"]
[SourceQuality "1"]

{[%evp 10,107,7,8,24,16,24,34,24,0,0,-21,-12,-48,-43,-47,-43,-47,-47,-48,-38,-36,-46,-45,-54,-47,-50,-43,-59,-66,-42,-41,-34,-83,-88,-85,-87,-97,-97,-97,-87,-122,-93,-131,-138,-141,-141,-177,-182,-206,-184,-184,-171,-252,-250,-241,-246,-208,-240,-222,-117,-110,-110,-110,-110,-110,-110,-110,-110,-110,-15,-13,0,0,56,57,56,50,64,52,64,64,64,64,64,63,63,63,63,63,66,27,28,25,26,12,12,11,12,12]} 1. e4 c5 2. Nf3 d6 3. Bb5+ Nd7 4. d4 cxd4 5. Qxd4 a6 6. Bxd7+ Qxd7 {B51: Sicilian: Moscow Variation (3 Bb5+) without 3...Bd7.} 7. Nc3 e5 8. Qd3 Qc6 {White is slightly better.} 9. Nd5 {[#]} f5 $146 ({Predecessor:} 9... Be6 10. c4 b5 11. Nd2 Ne7 12. b3 Ng6 13. O-O Rc8 14. a4 bxc4 15. Nxc4 Bxd5 16. exd5 {1-0 (28) Grover,S (2478)-Das,S (2396) Bhubaneswar 2017}) 10. Nd2 Nf6 11. f3 (11. c4 {is more complex.} Be6 12. f3 Rc8 13. b3 Bxd5 14. exd5 Qd7 15. a4) 11... Nxd5 12. exd5 Qc7 13. a4 Be7 14. O-O O-O 15. a5 Bd7 16. c4 b5 17. axb6 Qxb6+ 18. Kh1 a5 19. Rb1 Rfc8 20. b3 Bg5 $36 {[%mdl 2048] Black has the initiative.} 21. Ba3 Qe3 22. Qxe3 Bxe3 23. Rfd1 Ra6 24. Nf1 Bd4 25. Rdc1 Kf7 26. Ng3 g5 27. Ne2 Be3 28. Rc3 f4 29. Rd1 Rb6 30. h3 h5 31. Rdd3 {[#]} (31. Kh2 $142) 31... Bf2 $1 $19 32. Rd1 Bf5 33. Rf1 Be3 34. Ng3 fxg3 ({Black should play} 34... Bh7 $19 {Hoping for ...Bd2.} 35. Ne4 Bxe4 36. fxe4 Ke7) 35. Rxe3 $17 {[#]} a4 $1 {[%mdl 576] Deflection} 36. bxa4 Rxc4 37. a5 Ra6 38. Rb3 Rc2 {Threatens to win with ...Bxh3!} 39. Rb7+ Ke8 ({Black should try} 39... Kg6 $17 40. Rb6 Rxa5 {[%mdl 64] Double Attack} 41. Bxd6 {[#]} Bxh3 $1 {[%mdl 512]} 42. Bb4+ Kf5 43. Bxa5 Bxg2+ {[%mdl 64] Double Attack} 44. Kg1 Bxf1 45. Kxf1 Rf2+ 46. Kg1 Rxf3) 40. Re1 $11 Rxa5 41. Bxd6 Re2 ({Better is} 41... Rxd5 $11 42. Re7+ (42. Bxe5 Re2 $17) 42... Kd8 43. R7xe5 Rxd6 44. Rxf5 Rg6) 42. Re7+ $14 Kd8 {[%cal Re2e1]} 43. Rxe5 Rxe1+ 44. Rxe1 Rxd5 {[%mdl 4096] Endgame KRB-KRB} 45. Be7+ Kd7 46. Bxg5 Bxh3 47. Bf4 Be6 48. Bxg3 Rd4 49. Be5 Rc4 50. Bf6 h4 51. Rd1+ Ke8 $1 52. Be5 Rc2 53. Rd3 h3 54. gxh3 {And White is the lucky defender. Accuracy: White = 79%, Black = 89%.} 1/2-1/2